|
|
|
|
| LEADER |
00000nam0a2200000 4500 |
| 001 |
192754 |
| 005 |
20231031181452.0 |
| 010 |
|
|
|a 5376006093
|
| 035 |
|
|
|a (RuTPU)RU\TPU\book\210181
|
| 090 |
|
|
|a 192754
|
| 100 |
|
|
|a 20110309d1990 k y0rusy50 ca
|
| 101 |
0 |
|
|a rus
|
| 102 |
|
|
|a MD
|
| 105 |
|
|
|a a z 001zy
|
| 200 |
1 |
|
|a Оптическая самоорганизация экситонов и биэкситонов в полупроводниках
|e монография
|f А. Х. Ротару, В. А. Залож
|g Академия наук Молдавской ССР (АН МССР), Институт прикладной физики ; под ред. С. А. Москаленко
|
| 210 |
|
|
|a Кишинев
|c Штиинца
|d 1990
|
| 215 |
|
|
|a 167 с.
|c ил.
|
| 320 |
|
|
|a Библиогр.: с. 146-165.
|
| 610 |
1 |
|
|a экситоны
|
| 610 |
1 |
|
|a биэкситоны
|
| 610 |
1 |
|
|a оптическая самоорганизация
|
| 610 |
1 |
|
|a полупроводники
|
| 610 |
1 |
|
|a диэлектрические среды
|
| 610 |
1 |
|
|a солитоны
|
| 610 |
1 |
|
|a лазерная генерация
|
| 675 |
|
|
|a 537.311.322:530.145
|v 3
|
| 700 |
|
1 |
|a Ротару
|b А. Х.
|g Анатолий Харлампович
|
| 701 |
|
1 |
|a Залож
|b В. А.
|g Вячеслав Александрович
|
| 702 |
|
1 |
|a Москаленко
|b С. А.
|4 340
|
| 712 |
0 |
2 |
|a Академия наук Молдавской ССР (АН МССР)
|b Институт прикладной физики
|c (Кишинев)
|2 stltpush
|3 (RuTPU)RU\TPU\col\11347
|
| 801 |
|
1 |
|a RU
|b 63413507
|c 20110309
|
| 801 |
|
2 |
|a RU
|b 63413507
|c 20110620
|g RCR
|
| 942 |
|
|
|c BK
|